Zobrazenie a zber dát využitím Simatic S7-1200

Saved in:
Bibliographic Details
Main Author: Stohl, Michal, 1984- (Author)
Other Authors: Mrosko, Marián, 1979- (Thesis advisor)
Format: Manuscript Book
Language:Slovak
Published: Bratislava : STU v Bratislave FEI, 2012
Subjects:
Online Access:VAIS
Tags: Add Tag
No Tags, Be the first to tag this record!

MARC

LEADER 00000ntm a22000003a 4500
001 stu252051
005 20150617230227.8
008 120720s2012----xo------------------slo-d
040 |a STU  |b slo 
041 0 |a slo 
044 |a xo 
100 1 |a Stohl, Michal,  |d 1984-  |4 aut  |u E  |T FEI Fakulta elektrotechniky a informatiky  |X 20948  |U E  |Y 30  |7 A000020948 
242 0 0 |a Display and data collection using the Simatic S7-1200  |y eng 
245 1 |a Zobrazenie a zber dát využitím Simatic S7-1200 
260 |a Bratislava :  |b STU v Bratislave FEI,  |c 2012 
300 |a 41 s  |c 1 príl. 
650 7 |a Applied Infromatics  |2 estusub 
650 7 |a visualization  |2 estusub 
650 7 |a vizualizácia  |2 stusub 
700 1 |a Mrosko, Marián,  |d 1979-  |4 ths  |u E011  |U FEI Fakulta elektrotechniky a informatiky  |T FEI Ústav robotiky a kybernetiky  |X 4907  |U E011  |Y 356  |7 A000004907 
856 4 |a info a plný text  |u http://is.stuba.sk/zp/portal_zp.pl?podrobnosti=71856  |3 VAIS 
996 |b 284EP10278  |c E*DIPL-10278  |l EE23  |s P  |a 0  |w stu252051_0001